Normal view
MARC view
Entry Personal Name
001 - CONTROL NUMBER
- control field: 8155
003 - CONTROL NUMBER IDENTIFIER
- control field: OSt
005 - DATE AND TIME OF LATEST TRANSACTION
- control field: 20211028144402.0
008 - FIXED-LENGTH DATA ELEMENTS
- fixed length control field: 211028|| aca||aabn | a|a d
040 ## - CATALOGING SOURCE
- Original cataloging agency: OSt
- Transcribing agency: OSt
100 ## - HEADING--PERSONAL NAME
- Personal name: Monteiro, Sheeba Jasmine; Kamath, T Ramesh.
- Miscellaneous information: 1716181
670 ## - SOURCE DATA FOUND
- Source citation: Work cat.: (OSt): Monteiro, Sheeba Jasmine; Kamath, T Ramesh. 1716181, Challenges to fill top and middle level employee positions in various industrial sectors in Dakshina Kannada and Udupi under the guidence of Lykora Mangalore., 2019